<The> science (art?) of quality audit and evaluation.

Argumentácia k hĺbke obsahu a koncepcii previerok starostlivosti o akosť v podniku. Nejde iba o kontrolu súladu s podnikovým manuálom akosti a kontrolu niekoľkých dielcov. Typy previerok. Komplexné ohodnotenie výrobku. Závery z previerok akosti.

Na minha lista:
Detalhes bibliográficos
Autor principal: Reynolds, E.A
Formato: Capítulo de Livro
Idioma:inglês
Assuntos:
Tags: Adicionar Tag
Sem tags, seja o primeiro a adicionar uma tag!

MARC

LEADER 00000naa a2200000 4500
001 r002119
005 20220819191133.2
041 0 |a eng 
044 |a US 
245 1 0 |a <The> science (art?) of quality audit and evaluation.  |c E.A. Reynolds 
520 |a Argumentácia k hĺbke obsahu a koncepcii previerok starostlivosti o akosť v podniku. Nejde iba o kontrolu súladu s podnikovým manuálom akosti a kontrolu niekoľkých dielcov. Typy previerok. Komplexné ohodnotenie výrobku. Závery z previerok akosti. 
610 2 0 |a kvalita 
610 2 0 |a kontrola kvality 
610 2 0 |a previerky 
610 2 0 |a podnik 
100 1 |a Reynolds, E.A.